Writing at the margin : discourse between anthropology and medicine

Αποθηκεύτηκε σε:
Λεπτομέρειες βιβλιογραφικής εγγραφής
Κύριος συγγραφέας: Kleinman, Arthur
Μορφή: Βιβλίο
Γλώσσα:English
Δημοσίευση: Berkeley : University of California Press, c1995
Θέματα:
Ετικέτες: Προσθήκη ετικέτας
Δεν υπάρχουν, Καταχωρήστε ετικέτα πρώτοι!

MARC

LEADER 00000nam a2200000 i 4500
001 1/17580
008 981006s1995 eng d
020 |a 0-520-20099-3 (Hardback)  |c 32.00 
035 |l 10020611 
040 |a GR-MY-UA  |b gre  |e aacr 
041 0 |a eng 
082 0 |a 306.46101 
100 1 |a Kleinman, Arthur. 
245 1 0 |a Writing at the margin :  |b discourse between anthropology and medicine /  |c Arthur Kleinman 
260 |a Berkeley :   |b University of California Press,   |c c1995 
300 |a 314 p. 
500 |a Essays reprinted from various publications 
504 |a Includes bibliographical references and index 
650 0 0 |a Medical anthropology  |x Philosophy. 
650 0 0 |a Medical anthropopogy  |x Methodology. 
852 |a INST  |b LESVOS  |e 19981006  |h 306.46101 KLE  |p 005100012929  |q 005100012929  |t BK  |y 0 
901 |a BIBL-1998-3 
909 |a Λ  |b 059237 
922 |a 1ΕΛΗ  |b 199809  |c ΚΠΣ/ΤΚΑ  |d ΠΑΠΑΣΩΤΗΡΙΟΥ 
950 |a 117-1998-07-11